01142nac a22002891u 4500003000900000005001700009008004100026035001800067040004300085082002000128100007300148245016800221264005200389264001000441300005600451336002600507337002800533338002700561650002600588650003600614651001000650653000800660655002400668942001200692999001500704952013300719EG-ScBUE20220911114952.0200219t1949 nyuaf f 000 0 eng d a(OCoLC)510882 aEG-ScBUEbengerdacEG-ScBUEdEG-ScBUE04a701.18bPEP2221 aPepper, Stephen C.‏ q(Stephen Coburn),‏d1891-1972,eauthor.10aPrinciples of art appreciation /cStephen G. Pepper, professor of philosophy and aesthetics, chairman of the Department of Art, University of California, Berkeley. 1aNew York,bHarcourt, Brace and Company,c[1949] 4cc1949 avii, 326 pages :billustrations, 20 plates ;c24 cm 2rdacontentatextbtxt 2rdamediaaunmediatedbn 2rdacarrieravolumebnc 7aArt criticism.2BUEsh 7aArtxStudy and teaching.2BUEsh 2BUEsh bART vReading book934232 cBB2ddc c2953d2953 00104070aMAINbMAINc2NDd2013-03-07ePurchasel3m19o701.18 PEPp000001205r2025-07-15 00:00:00s2018-02-13w2007-03-13yBB